| 000 | 01080nam a22003497a 4500 | ||
|---|---|---|---|
| 001 | BR2012008887 | ||
| 003 | BR-BrBNA | ||
| 005 | 20230928104109.0 | ||
| 007 | ta | ||
| 008 | 230509b bl.||||| |||| 00| 0 por d | ||
| 040 |
_aBR-BrBNA _bpor _cBiblioteca Nacional de Agricultura |
||
| 041 | _a(Por) | ||
| 072 | _aE16 | ||
| 090 | _ E16 BR2012008887 | ||
| 110 | 1 |
_aInstituto Brasileiro de Geografia e Estatística, Rio de Janeiro, RJ (Brasil) _95785 |
|
| 245 | 1 | _aCenso agropecuário 2006. Brasil, grandes regiões e unidades da federação. Segunda apuração | |
| 250 | 1 | _a2. ed. | |
| 260 | 3 |
_aRio de Janeiro, RJ (Brasil): _c2006. |
|
| 300 | _a780 p. | ||
| 500 | _a9 ref.; 7 illus.; 7 maps , scale 1:250,000; 27 graphs.; 371 tables | ||
| 650 | _aCENSO AGROPECUÁRIO | ||
| 650 | _aDADOS ESTATÍSTICOS | ||
| 650 | _aPRODUTO AGRÍCOLA | ||
| 650 | _aPECUÁRIA | ||
| 650 | _aPRODUÇÃOVEGETAL | ||
| 650 | _aFLORICULTURA | ||
| 650 | _aHORTICULTURA | ||
| 650 | _aLAVOURA | ||
| 650 | _aINDÚSTRIA AGRÍCOLA | ||
| 909 |
_a202309 _bLucia _c55 _dLucia Elande |
||
| 942 | _cBK | ||
| 999 |
_c78103 _d78103 |
||